SWARAJ (Record no. 17698)

MARC details
000 -LEADER
fixed length control field 00229nam a22001217a 4500
003 - CONTROL NUMBER IDENTIFIER
control field SGT
082 ## - DEWEY DECIMAL CLASSIFICATION NUMBER
Classification number 370
Item number KEJ
100 ## - MAIN ENTRY--PERSONAL NAME
Personal name KEJRIWAL, ARVIND
245 ## - TITLE STATEMENT
Title SWARAJ
260 ## - PUBLICATION, DISTRIBUTION, ETC. (IMPRINT)
Place of publication, distribution, etc DELHI
Name of publisher, distributor, etc HP
Year of Publication 2013
300 ## - PAGE DESCRIPTION
No. of Pages 175
942 ## - ADDED ENTRY ELEMENTS (KOHA)
Source of classification or shelving scheme Dewey Decimal Classification
Koha item type Books
Holdings
Withdrawn status Lost status Source of classification or shelving scheme Damaged status Not for loan Collection code Home library Current library Shelving location Date acquired SGTU Total Checkouts Full call number Accession No. (Barcode) Date last seen Date last borrowed Bill Date Koha item type
    Dewey Decimal Classification     EDUCATION SGT Engineering Library SGT Engineering Library Text Book 17/04/2019 SGTU 1 370 KEJ ED3832 25/01/2020 08/01/2020 17/04/2019 Books